| 000 | 00411nam a2200145Ia 4500 | ||
|---|---|---|---|
| 008 | 181130s2018 xx 000 0 und d | ||
| 100 | _aHantrais, Linda | ||
| 245 | _aAssessing the past and future development of EU and UK social policy | ||
| 260 | _c2018 | ||
| 300 | _ap.265-279. | ||
| 504 | _dApr | ||
| 650 | _aSocial policy - U.K. | ||
| 773 | _aSocial Policy and Society | ||
| 906 | _aSocial policy - U.K. | ||
| 999 |
_c506809 _d506809 |
||